000
00321nam a22001217a 4500
008
180522b xxu||||| |||| 00| 0 eng d
041
_a
eng
080
_a
043.3
100
_a
0
101
_a
SHKI-BA
245
_a
Teknologjia BlockChain dhe ndikimi i saj ne revolucionin e Internet of things
_c
Salihu, E
942
_2
udc
_c
BK
999
_c
46157
_d
46157